00403 2200157 4500001002100000008004100021035002000062245003800082100001500120260003200135300002200167020002200189084001400211082000800225990001200233INLIS000000000002755 IND  a0010-0925000102 aCinta Dalam KeabadiancNuniek K.R aNuniek K.R aJakartabRumah Oranyec2014 a224c(13 x 19 cm) a978-602-1588-32-1 a813 NUN c a813 a0754977